| 000 | 00707nas a2200253 4500 | ||
|---|---|---|---|
| 001 | BR9210197 | ||
| 003 | BR-BrBNA | ||
| 005 | 20231205093338.0 | ||
| 007 | ta | ||
| 008 | 230509b bl.|||p| |||| 00| 00por d | ||
| 040 |
_aBR-BrBNA _bpor _cBiblioteca Nacional de Agricultura |
||
| 041 | _a(Pt) | ||
| 072 | _aQ02 | ||
| 100 | 1 | _aMonteiro, E. | |
| 100 | 1 | _aTerra, N.N. | |
| 245 | 1 | _aDeterminacao de hidroxiprolina (cologeno)em carne ovina | |
| 650 | _aCARNE | ||
| 650 | _aOVINO | ||
| 650 | _aCOLAGENO | ||
| 650 | _aANALISE ORGANOLEPTICA | ||
| 773 | 0 |
_tRevista Nacional da Carne (Brazil) _x _g(Feb 1988), v. 12(134) p. 19 _wBR9210197 |
|
| 909 |
_a202311 _bLúcia _c55 _dLúcia Elande |
||
| 942 |
_2AGRIS _n0 _cANA |
||
| 999 |
_c137681 _d137681 |
||